Leopold von Ranke (Titelsatznr. 374231)
[ MARC ]
| 000 -Satzkennung | |
|---|---|
| Kontrollfeld mit fester Länge | 01303cam a2200409 c 4500 |
| 001 - Kontrollnummer | |
| Kontrollnummer | 1607216698 |
| 003 - Kontrollnummer Identifier | |
| Kontrollnummer | DE-627 |
| 005 - Datum und Zeit der letzten Transaktion | |
| Kontrollnummer | 20260205100225.0 |
| 007 - Feld mit fester Länge zur physischen Beschreibung - Allgemeine Information | |
| Kontrollfeld mit fester Länge | tu |
| 008 - Feld mit fester Länge zur physischen Beschreibung - Allgemeine Angaben | |
| Kontrollfeld mit fester Länge | 030929s2003 gw ||||| 00| ||ger c |
| 015 ## - Nummer der Nationalbibliografie | |
| Nummer der Nationalbibliografie | 03,B34,0624 |
| Quelle | dnb |
| 016 7# - Kontrollnummer der nationalbibliografischen Agentur | |
| Datensatzkontrollnummer | 968093833 |
| Quelle | DE-101 |
| 020 ## - Internationale Standardbuchnummer | |
| Internationale Standardbuchnummer | 3000112138 |
| 035 ## - Systemkontrollnummer | |
| Systemkontrollnummer | (DE-627)1607216698 |
| 035 ## - Systemkontrollnummer | |
| Systemkontrollnummer | (DE-576)107220547 |
| 035 ## - Systemkontrollnummer | |
| Systemkontrollnummer | (DE-599)DNB968093833 |
| 035 ## - Systemkontrollnummer | |
| Systemkontrollnummer | (OCoLC)76556698 |
| 035 ## - Systemkontrollnummer | |
| Systemkontrollnummer | (OCoLC)76556698 |
| 040 ## - Katalogisierungsquelle | |
| Original-Katalogisierungsstelle | DE-627 |
| Katalogisierungssprache | ger |
| Übertragungsstelle | DE-627 |
| Beschreibungsfestlegungen | rakwb |
| 041 ## - Sprachcode | |
| Sprachcode des Textes/der Tonspur oder des separaten Titels | ger |
| 044 ## - Ländercode der veröffentlichenden/herstellenden Stelle | |
| ISO-Ländercode | XA-DE |
| 084 ## - Andere Notation | |
| Notation | 63 |
| Quelle der Nummer | sdnb |
| 084 ## - Andere Notation | |
| Notation | NB 6271 |
| Quelle der Nummer | rvk |
| 084 ## - Andere Notation | |
| Notation | 15.01 |
| Quelle der Nummer | bkl |
| 100 1# - Haupteintragung - Personenname | |
| Personenname | Hecht, Ingrid |
| Datumsangaben in Verbindung mit einem Namen | 1942- |
| Funktionsbezeichnungscode | aut |
| 245 10 - Titel | |
| Titel | Leopold von Ranke |
| Zusatz zum Titel | und ich darf es nicht verschweigen ...; mit in Deutschland vorhandenen Drucknachweisen der verwendeten Originalbriefe aus Krakau; [Lebensbeschreibung] |
| Verfasserangabe etc. | Ingrid Hecht |
| 263 ## - Geplantes Erscheinungsdatum | |
| Geplantes Erscheinungsdatum | kart. : ca. EUR 19.00 |
| 300 ## - Physische Beschreibung | |
| Umfang | 279, [33] S. |
| Andere physische Details | Ill. |
| Maße | 19 cm |
| 655 #7 - Indexierungsterm - Genre/Form | |
| Genre/Form oder fokussierter Term | Biografie |
| Quelle des Terms | gnd-content |
| 951 ## - EQUIVALENCE OR CROSS-REFERENCE-GEOGRAPHIC NAME/AREA NAME [OBSOLETE] [CAN/MARC only] | |
| Geografischer Name | BO |
| 583 1# - ACTION NOTE | |
| Bearbeitung | Archivierung prüfen |
| Zeit/Datum der Bearbeitung | 20200919 |
| Autorisierende Stelle | DE-640 |
| Allgemeine Bemerkungen | 1 |
| Quelle des Terms | pdager |
| 583 1# - ACTION NOTE | |
| Bearbeitung | Archivierung/Langzeitarchivierung gewährleistet |
| Autorisierende Stelle | PENI |
| Quelle des Terms | pdager |
| Das Unterfeld gibt die Institution an, auf die sich das Feld bezieht | DE-35 |
| 583 1# - ACTION NOTE | |
| Bearbeitung | Archivierung prüfen |
| Zeit/Datum der Bearbeitung | 20240324 |
| Autorisierende Stelle | DE-4165 |
| Allgemeine Bemerkungen | 2 |
| Quelle des Terms | pdager |
| 936 rv - OCLC/CONSER MISCELLANEOUS DATA (OCLC); PIECE USED FOR CATALOGING (pre-AACR2) (RLIN) | |
| OCLC control number(s) of parallel record(s) (OCLC); Piece used for cataloging, PUC (RLIN) | NB 6271 |
| 936 bk - OCLC/CONSER MISCELLANEOUS DATA (OCLC); PIECE USED FOR CATALOGING (pre-AACR2) (RLIN) | |
| OCLC control number(s) of parallel record(s) (OCLC); Piece used for cataloging, PUC (RLIN) | 15.01 |
| 942 ## - Zusätzliche Felder (Koha) | |
| Klassifikation oder Aufstellungssystematik | Andere/Generische Klassifikation |
| Koha-Medientyp | Bücher |
Keine Exemplare verfügbar.